<?xml version="1.0" encoding="UTF-8"?>
<marc:record xmlns:marc="http://www.loc.gov/MARC21/slim">
   <marc:leader>00000nam a2200000 a 4500</marc:leader>
   <marc:datafield ind1="1" ind2=" " tag="100">
      <marc:subfield code="a">Adams, Lyssa Kay</marc:subfield>
      <marc:subfield code="4">aut</marc:subfield>
      <marc:subfield code="e">Verfasser/-in</marc:subfield>
   </marc:datafield>
   <marc:datafield ind1=" " ind2=" " tag="653">
      <marc:subfield code="a">Humor</marc:subfield>
   </marc:datafield>
   <marc:datafield ind1=" " ind2=" " tag="653">
      <marc:subfield code="a">Liebe</marc:subfield>
   </marc:datafield>
   <marc:datafield ind1=" " ind2=" " tag="653">
      <marc:subfield code="a">Buch</marc:subfield>
   </marc:datafield>
   <marc:datafield ind1=" " ind2=" " tag="653">
      <marc:subfield code="a">Romantik</marc:subfield>
   </marc:datafield>
   <marc:datafield ind1=" " ind2=" " tag="653">
      <marc:subfield code="a">Scheinehe</marc:subfield>
   </marc:datafield>
   <marc:datafield ind1="0" ind2="0" tag="245">
      <marc:subfield code="a">Ein Liebesroman ist nicht genug</marc:subfield>
   </marc:datafield>
   <marc:datafield ind1="0" ind2="0" tag="245">
      <marc:subfield code="b">The Secret Book Club; Bd. 4</marc:subfield>
   </marc:datafield>
   <marc:datafield ind1=" " ind2="1" tag="264">
      <marc:subfield code="b">Rowohlt Taschenbuch Verl.</marc:subfield>
      <marc:subfield code="c">2022</marc:subfield>
   </marc:datafield>
   <marc:datafield ind1="1" ind2=" " tag="490">
      <marc:subfield code="a">The secret book club</marc:subfield>
   </marc:datafield>
   <marc:datafield ind1="1" ind2=" " tag="520">
      <marc:subfield code="a"> Wie schreibt man am besten einen Liebesroman? Indem man ihn selbst erlebt!  

Der erfolgreiche Eishockeyspieler Vlad Konnikov hat ein Geheimnis: Seine Ehe ist nicht echt. Elena hat ihn nur geheiratet, damit sie in den USA studieren konnte. Vlad hingegen hoffte immer, dass irgendwann mehr aus ihnen wird. Nur deshalb hat er sich überhaupt dem Secret Book Club angeschlossen. Durch die Liebesromane, die die Männer dort zusammen lesen, wollte Vlad lernen, wie er das Herz seiner Frau gewinnen kann. Und die wichtigste Lektion lautet Ehrlichkeit. Also gesteht er ihr endlich, dass er echte Beziehung will. Im Gegensatz zu Elena. Sie will die Scheidung. Aber dann verletzt Vlad sich im wichtigsten Spiel seiner Karriere, und Elena weicht ihm nicht von der Seite. Gibt es doch noch Hoffnung? Oder findet sich das einzige Happy End in dem Liebesroman, den Vlad heimlich schreibt?</marc:subfield>
   </marc:datafield>
   <marc:datafield ind1=" " ind2=" " tag="020">
      <marc:subfield code="a">9783499008733</marc:subfield>
      <marc:subfield code="9">9783499008733</marc:subfield>
   </marc:datafield>
</marc:record>
